Ekonomická štatistika praktikum zo štatistiky služieb (s aplikáciou na počítač PP-01)

Bibliographic Details
Main Authors: Lesáková, Ľubica, 1949- (Author), Úradníček, Vladimír, 1963-2021 (Author), Kaščák, František (Author)
Format: Book
Language:Slovak
PhysicalDescription:189 strán tabuľky 30 cm
Published: V Bratislave Vysoká škola ekonomická 1990
ISBN:8022501344
Edition:1. vyd.
Series:Vysokoškolské skriptá
Subjects:

MARC

LEADER 00000cam a2200000 a 4500
001 vtls001060947
003 SK-MaSNL
005 20260301152829.0
008 240226s1990 xo l frnp 000 0 slo
015 |a SNBA1990/03 
020 |a 8022501344  |q (brožované) 
035 |a SNK000003775 
035 |a urn:nbn:sk:snk-amlh36 
035 |a urn:nbn:sk:snk-am00bqmi 
035 |a 747A2C89-AB35-452C-8D8A-3FA6C6090E42 
040 |a SNK  |b slo  |c SNK  |e AACR2 
041 0 |a slo 
044 |a xo  |c SK 
072 7 |a 311  |x Štatistika  |2 konspekt 
072 7 |a 37.016  |x Učebné osnovy. Vyučovacie predmety. Učebnice  |2 konspekt 
080 |a 311:33  |2 2011 
080 |a (076.5)  |2 2011 
080 |a (075.8)  |2 2011 
100 1 |a Lesáková, Ľubica,  |d 1949-  |4 aut  |9 201408 
245 1 0 |a Ekonomická štatistika  |b praktikum zo štatistiky služieb (s aplikáciou na počítač PP-01)  |c Ľubica Lesáková a kolektív 
250 |a 1. vyd. 
260 |a V Bratislave  |b Vysoká škola ekonomická  |c 1990 
300 |a 189 strán  |b tabuľky  |c 30 cm 
366 |e 200 kusov 
490 1 |a Vysokoškolské skriptá 
500 |a Vydala Vysoká škola ekonomická v Bratislave, Fakulta ES a CR v Banskej Bystrici 
500 |a Obsahuje 7 kapitol 
504 |a Bibliografia na strane 188 
650 0 7 |a ekonomická štatistika  |2 SNKPH  |9 790 
655 7 |a učebnice vysokých škôl  |2 SNKPH  |9 70191 
655 7 |a praktické cvičenia  |2 SNKPH  |9 70517 
700 1 |a Úradníček, Vladimír,  |d 1963-2021  |4 aut  |9 11448 
700 1 |a Kaščák, František  |4 aut  |9 513766 
710 2 |a Vysoká škola ekonomická v Bratislave.  |b Fakulta ekonomiky služieb a cestovného ruchu v Banskej Bystrici  |4 pbl  |9 123782 
740 0 2 |a Štatistika základných a obežných prostriedkov 
740 0 2 |a Štatistika práce 
740 0 2 |a Štatistika výsledkov činnosti v cestovnom ruchu 
740 0 2 |a Štatistika cenová 
740 0 2 |a Koeficienty pružnosti 
740 0 2 |a Vybrané ukazovatele konštruované v nevýrobnej sfére 
740 0 2 |a Využitie štatistických metód pri analýze informácií získaných prieskumom dopytu po tovare a službách 
752 |a Slovensko  |d Bratislava 
810 2 |a Vysoká škola ekonomická v Bratislave.  |b Fakulta ekonomiky služieb a cestovného ruchu v Banskej Bystrici  |t Vysokoškolské skriptá  |9 222377 
919 |a 80-225-0134-4 
954 |a odborná, vedecká literatúra pôvodná (slovenská)  |2 lita 
958 |a RK 
958 |a TL 
958 |a EUIPO 
958 |a NB 
958 |a OND 
958 |a UV 
999 |c 790313  |d 792243 
952 |t P60, <04>, [BOOK], {604}  |a SNK  |b SNK  |y VYP  |7 0  |p 17A0031747  |o snkSB 46294 D1  |0 0  |1 0  |4 0  |d 1997-01-22  |l 0  |r 2004-12-31 00:00:00  |w 2026-02-24 
952 |a SNK  |b SNK  |y PREZ  |7 0  |p 17A0824971  |o snkSB 46294  |i snkKSP 2843/90  |0 0  |1 0  |4 0  |d 2012-07-16  |f 1  |l 0  |r 2025-01-31 00:00:00  |w 2026-02-24